• 首页
  • 本馆介绍
  • 公告通知
  • 最新文献
  • 馆藏检索
  • 电子资源
  • 读者导购
  • 参考咨询
  • 我的图书馆
  • 登录
  • 详细信息显示
  • 放入我的书架
  • 预约/预借图书
  • 作者相关作品
  • 分类相关作品
  • 丛书相关作品
  • 出版社相关作品

书目信息

  • 表格格式
  • 工作单格式
  • 卡片格式
题名:
建筑吸声材料
    
 
作者: 子安胜 著 ;高履泰 译
分册:  
出版信息: 北京   中国建筑工业出版社  1975
页数: 234页
开本: 19cm
丛书名:
单 册:
中图分类: TU55
科图分类:
主题词: 声吸收材料:建筑材料 , 建筑材料:声吸收材料
电子资源:
ISBN:
000 00680nam0 2200241 45
001 0175002295
005 20060417081945.76
010    @dCNY0.55
100    @a19951024d1975 em y0chiy0121 ea
101 1  @achi@cjpn
102    @aCN@b110000
105    @ay z 000yy
200 10 @a建筑吸声材料@Ajian zhu xi sheng cai liao@f(日)子安胜著@F(ri)zi an sheng zhu@g高履泰译
210    @a北京@c中国建筑工业出版社@d1975
215    @a234页@d19cm
606    @a声吸收材料:建筑材料
606    @a建筑材料:声吸收材料
690    @aTU55@v3
701  0 @a子安胜@Azi an sheng@4著
702  0 @a高履泰@Agao lv tai@4译
801  2 @aCN@bNLC@c20060417
801  0 @aCN@bTSSF
905    @a10447@dTU55@e1
    
    建筑吸声材料/(日)子安胜著/高履泰译.-北京:中国建筑工业出版社,1975
    234页;19cm
    
    
    ISBN :CNY0.55
    
●
相关链接 在E读中查询图书 在五车中查询图书 在当当中查询图书 在豆瓣中查询图书


正题名:建筑吸声材料     索取号:TU55/1         预约/预借

序号 登录号 条形码 馆藏地/架位号 状态 备注
1 0017871   202258519   密集书库/ [索取号:TU55/1] 在馆    
唐山师范学院图书馆 欢迎您!
大连网信软件有限公司© 版权所有